000 00941nac a22002657a 4500
001 BR7335015
003 BR-BrBNA
005 20240105113721.0
008 230509b bl.|||m| |||| 00| 0 por d
040 _aBR-BrBNA
_bpor
_cBiblioteca Nacional de Agricultura
072 _aE15; F00
090 _a2760 BR7335015
100 1 _aJunqueira, A.A.B.
110 1 _aUniversidade Rural do Estado de Minas Gerais, Vicosa (Brasil). Inst. de Economia Rural
_911290
245 1 _aAnalise economica de uma funcao de producao, fumo em Uba, estado de Minas Gerais, 1961 [Brasil]
260 3 _aVicosa, MG (Brasil):
_c1964.
300 _a100 p.
490 _aSerie Tecnica. Boletim - Universidade Rural do Estado de Minas Gerais. Inst. de Economia Rural (Brazil)
_vno. 4
_x
650 _aFUMO
650 _aANALISE ECONOMICA
650 _aUBA
650 _aMINAS GERAIS
909 _a202312
_bLúcia Elande
_c55
_dLúcia Elande
942 _2AGRIS
_n0
_cMS
999 _c265148
_d265148